00776nam a2200241 a 4500001001300000003000900013005001700022008004100039020002300080082001600103100002200119245006700141260004700208300001000255500003500265505002600300650002500326700002200351902000800373942000700381952012900388999001700517nice12345678IN_TiNIC20260116013319.0050524s1999 newa grp 000 0 eng  a8176491 c19500a001.42bDEN aDenscombe, Martyn aGood Research Guide for Small- Scale Social Research Projects. aNew Delhi bViva Books, 3rd Edition c1999 a248p. aincludes index and biblioraphy2 aReferences and Index. aResearch Methodology1 aDenscombe, Martyn bSRS cBK 001040708StackRoom-aHMIbHMId2010-07-26g195.00l2o001.42 DENp019665r2019-10-14s2019-09-03v195.00w2005-05-24yBK c10514d10514